Testimonios artísticos de un episodio fugaz (Record no. 8135)

MARC details
000 -CABECERA
campo de control de longitud fija 00872nam a2200241 a 4500
001 - NÚMERO DE CONTROL
campo de control BRCA_8468
005 - FECHA Y HORA DE LA ÚLTIMA TRANSACCIÓN
campo de control 20190320210309.0
008 - DATOS DE LONGITUD FIJA--INFORMACIÓN GENERAL
campo de control de longitud fija 130116s1995----mx-a######---#000-0#spa-#
020 ## - NÚMERO INTERNACIONAL ESTÁNDAR DEL LIBRO
Número Internacional Estándar del Libro 9682986451
041 ## - CÓDIGO DE LENGUA
Código de lengua del texto/banda sonora o título independiente spa
044 ## - CÓDIGO DEL PAÍS DE LA ENTIDAD EDITORA/PRODUCTORA
Código MARC del país mx
050 #4 - SIGNATURA TOPOGRÁFICA DE LA BIBLIOTECA DEL CONGRESO
Número de clasificación N8846.M4
Número de documento/Ítem .T47 1995
245 10 - MENCIÓN DE TÍTULO
Título Testimonios artísticos de un episodio fugaz
Resto del título (1864-1867).
260 ## - PUBLICACIÓN, DISTRIBUCIÓN, ETC.
Lugar de publicación, distribución, etc. México
Nombre del editor, distribuidor, etc. INBA
Fecha de publicación, distribución, etc. 1995
300 ## - DESCRIPCIÓN FÍSICA
Extensión 202 p.
Otras características físicas il. (algunas a color)
Dimensiones 32 cm.
500 ## - NOTA GENERAL
Nota general Incluye catálogo de obra
500 ## - NOTA GENERAL
Nota general Catálogo de la exposición realizada en el Museo Nacional de Arte, diciembre 1995 - febrero 1996
650 14 - PUNTO DE ACCESO ADICIONAL DE MATERIA--TÉRMINO DE MATERIA
Término de materia o nombre geográfico como elemento de entrada Arte y Estado
Subdivisión general Historia
Subdivisión cronológica Siglo XIX
Subdivisión geográfica México
9 (RLIN) 21211
650 14 - PUNTO DE ACCESO ADICIONAL DE MATERIA--TÉRMINO DE MATERIA
Término de materia o nombre geográfico como elemento de entrada Arte mexicano
Subdivisión cronológica Siglo XX
9 (RLIN) 4500
650 14 - PUNTO DE ACCESO ADICIONAL DE MATERIA--TÉRMINO DE MATERIA
Término de materia o nombre geográfico como elemento de entrada Política cultural
Subdivisión general Historia
Subdivisión cronológica Siglo XIX
Subdivisión geográfica México
9 (RLIN) 21212
651 #4 - PUNTO DE ACCESO ADICIONAL DE MATERIA--NOMBRE GEOGRÁFICO
Nombre geográfico México
Subdivisión general Historia - Vida intelectual
Subdivisión cronológica Revolución, 1910-1920
9 (RLIN) 21213
942 ## - ELEMENTOS DE PUNTO DE ACCESO ADICIONAL (KOHA)
Fuente del sistema de clasificación o colocación Library of Congress Classification
Tipo de ítem Koha Libros
Holdings
Estado de retiro Estado de pérdida Estado dañado No para préstamo Localización permanente Ubicación/localización actual Fecha de adquisición Total de préstamos Signatura topográfica completa Código de barras Fecha visto por última vez Precio válido a partir de Tipo de ítem Koha
El ejemplar forma parte de la colección y puede ser consultado según las políticas vigentes.       Biblioteca del Museo Franz Mayer (Rogerio Casas-Alatriste) Biblioteca del Museo Franz Mayer (Rogerio Casas-Alatriste) 13/01/2016   N8846.M4 .T47 1995 02903 22/03/2019 22/03/2019 Libros